Secret Story 👁 - Les candidats 📺 et leurs secrets 🤫 - Statistiques

Statistiques générales
  • Ce quiz a été pris 690 fois
  • Le résultat moyen est 92 sur 191
Statistiques - réponses
Saison Secret Prénom du candidat % Correct
Julie
86%
5 "Une reine de la pop a brisé mon couple" Julie
86%
8 "Je suis hypermnésique" Julie
86%
11 "J'ai été élevé(e) parmi les animaux sauvages" Julie
86%
4 "Je suis né hermaphrodite" Thomas
82%
Thomas
82%
10 "Je suis le premier homme enceinte du monde" Thomas
82%
Ben
81%
Anaïs
79%
10 "Nous sommes les maîtresses des identités" Anaïs
79%
Benoît
77%
Benoît
77%
3 "Nous sommes les pires ennemies" Emilie
77%
Emilie
77%
7 "Je suis détective privée" Emilie
77%
9 "Nous sommes jumeaux" Emilie
77%
4 "Je suis le petit-fils du père des Schtroumpfs" John
77%
5 "Nous sommes en couple" Marie
77%
6 "Je suis grand maître international d'échecs" Marie
77%
1 "Je suis escort-boy" Julien
76%
6 "Je suis le code d'accès au secret de la maison" Julien
76%
Julien
76%
Julien
76%
4 "Je suis un Don Juan au féminin" Amélie
73%
9 "105247 personnes m'ont permis de rentrer dans la maison des secrets" Ali
71%
4 "Je suis un mentaliste" Bastien
71%
10 "Je suis l'alibi du couple" Bastien
71%
Mélanie
71%
10 "Une ville porte mon nom en hommage à mes ancêtres" Mélanie
71%
1 "J'ai des TOC" Nadège
71%
Nathalie
71%
8 "Mon compagnon a la moitié de mon âge" Nathalie
71%
6 "Nous sommes faux frères et soeurs" Nadège
70%
Coralie
69%
9 "Nous sommes les sujets d'une expérience amoureuse inédite" Coralie
69%
3 "J'ai le QI d'Einstein" Jonathan
69%
5 "Je suis franc-maçon" Jonathan
69%
9 "Je suis le cousin germain d'une légende du football français" Jonathan
69%
7 "Je suis mannequin homme/femme" Eddy
68%
8 "Ma compagne a le double de mon âge" Vivian
68%
Xavier
67%
11 "Ma meilleure amie s'est sacrifiée pour me laisser entrer dans la Maison des Secrets" Laura
66%
1 "Nous somme mariés" Tatiana
66%
11 "Nous sommes mariés" Kamila
65%
9 "Je suis une chasseuse de fantômes" Manon
65%
Manon
65%
Noré
65%
Aurélie
64%
1 "J'ai perdu 50 kilos" Nicolas
64%
Nicolas
64%
3 "Je suis en communication avec Dalida" Nicolas
64%
Nicolas
64%
6 "J'ai plus de 100 tatouages sur le corps" Fanny
63%
10 "J'ai déjà participé deux fois à Secret Story" Fanny
63%
Geof
63%
9 "Je suis né en prison" Rémi
63%
Senna
63%
Vincent
63%
2 "Nous sommes mère et fille" Maéva
62%
10 "Je suis championne internationale de car-wash" Maéva
62%
Steph
62%
Vanessa
61%
9 "Je suis une ancienne candidate de Secret Story" Vanessa
61%
9 "Je suis championne de France de boxe" Alia
60%
Geoffrey
60%
8 "Je suis le complice des internautes" Geoffrey
60%
5 "Nous sommes les maîtres des souterrains" Zarko
60%
3 "Nous sommes les intrus de la maison" Kevin
58%
6 "Je vis avec ma femme et mon ex" Kévin
58%
Kévin
58%
Loïc
58%
5 "Nous somme un faux couple" Ayem
57%
3 "J'ai décidé de rester vierge" Sabrina
57%
5 "Je vis avec les poumons d'un autre" Sabrina
57%
7 "Nous sommes soeurs jumelles" Sabrina
57%
7 "J'ai vécu 14 ans avec mon jumeau parasite" Alexia
56%
8 "Nous sommes les imposteurs" Sara
56%
Zelko
56%
9 "Je n'ai jamais rencontré ma soeur jumelle" Karisma
55%
10 "Je suis une star mondiale de e-sport" Darko
54%
6 "Mes ex sont dans la maison" Capucine
52%
4 "Nos ex sont dans la maison" Stéphanie
52%
4 "Je suis un vampire" Alexandre
51%
Alexandre
51%
7 "Je suis la fille d'une star des années 80" Clara
51%
5 "Je suis pom-pom girl" Morgan
51%
Caroline
50%
6 "Je vis avec mon ex et sa femme" Caroline
50%
11 "Nous sommes en couple" Charlène
50%
Daniel
50%
8 "Nous nous sommes unis à Las Vegas pour participer à Secret Story" Jessica
49%
7 "Je communique avec les animaux" Florine
48%
7 "Je suis le secret commun à tous les habitants" Gautier
48%
1 "Je suis un enfant de star" Maxime
48%
4 "Je suis miraculé" Maxime
48%
Sarah
48%
6 "Je vis avec mon mari et son ex" Virginie
48%
1 "Je suis policière et strip-teaseuse" Laly
47%
Leïla
47%
5 "Mon père s'appelle Brigitte" Morgane
47%
Morgane
47%
3 "Je suis bisexuelle" Cindy
46%
10 "Les gagnantes de Secret Story m'ont choisi(e) pour intégrer la Maison des Secrets" Jaja
46%
11 "J'ai lié mon destin à B..." Barbara
45%
7 "J'ai grandi dans un bidonville" Jamel
45%
7 "Nous sommes la famille du public" Sonja
45%
11 "Je suis une star de la télévision à l'étranger" Alain
44%
10 "Je détiens la clé de la boîte aux lettres des secrets" Marvin
44%
6 "J'ai eu mon bac à 14 ans" Sacha
44%
8 "J'ai été porté disparu pendant plus d'un an" Sacha
44%
4 "Nous sommes le faux-couple préféré des internautes" Robin
43%
10 "Nous sommes en couple" Sophia
43%
1 "J'ai décidé de changer de sexe" Erwan
41%
3 "Je suis millionnaire" FX
41%
2 "J'ai 780 conquêtes à mon tableau de chasse" John-David
41%
11 "J'ai été garde du corps pour le Président de la République" Makao
41%
2 "Je suis princesse" Alexandra
40%
11 "Je suis multimillionnaire" Bryan
40%
1 "Nous sommes triplées" Marjorie
40%
Léo
39%
4 "J'ai l'oreille absolue" Charlotte
38%
3 "J'ai été la maîtresse d'un ballon d'or" Daniela
38%
7 "Je me suis vendu sur Internet" Guillaume
38%
5 "Je suis somnambule" Juliette
38%
Aymeric
37%
10 "J'ai été transplantée 3 fois" Athénaïs
36%
2 "Nous sommes un faux couple" Matthias
36%
7 "Nous sommes les maîtres des nominations" Tara
36%
6 "Notre ex est dans la maison" Yoann
36%
10 "Je suis l'égérie d'une grande marque internationale" Pierre
35%
11 "Je pose pour les plus grands magazines de mode à travers le monde" Tanya
35%
Johanna
34%
Alice
33%
6 "Nous sommes les habitants de la 'Secret Box'" Audrey
33%
5 "Je suis mytho" Rudy
33%
9 "Je ne connais pas ma date de naissance" Arthur
32%
9 "Nous sommes les aventuriers de la Voix" Claudia
32%
6 "Je suis née avec 12 doigts" Ginie
32%
11 "J'ai sauvé une famille de la noyade" Jordan
32%
11 "J'ai protégé les plus grandes stars hollywoodiennes" Charles
31%
4 "J'ai été l'otage de Human Bomb" Marion
31%
3 "Je suis un ancien SDF" Bruno
30%
6 "Mon visage a été entièrement reconstruit" David
30%
5 "Je suis la clef du secret de la maison" Simon
30%
Anne-Krystel
29%
11 "J'ai participé 2 fois aux Jeux Olympiques" Benjamin
29%
4 "Je suis hexakosioihexekontajexaphobe" Chrismaëlle
29%
2 "Je suis croque-mort" Isabelle
29%
Midou
29%
9 "Je suis un Yamakasi" Tony
29%
Angie
28%
4 "Je suis le plus bel homme de France" Anthony
28%
5 "Je suis tireur d'élite" Anthony
28%
Cyrielle
28%
2 "Mon secret est tatoué sur mon dos" Cyril
28%
8 "J'ai vécu une histoire d'amour avec Michael Jackson" Joanna
28%
7 "J'ai échappé à une attaque de requin" Mickaël
28%
Romain
28%
Stéfan
28%
2 "Nous sommes en couple" Samantha
27%
4 "Je me suis échappée d'une secte" Shine
27%
1 "Je suis naturiste" Maryline
26%
4 "Nous sommes les Elus de la Voix" Ahmed
25%
10 "Le film dans lequel j'ai joué a décroché la palme d'or à Cannes" Damien
25%
Elise
25%
8 "Je suis née sous X" Elodie
25%
1 "Je suis playmate" Ophélie
25%
1 "Je suis le complice de La Voix" Gabriel
24%
Marie-France
24%
2 "Je suis ado et déjà parent" Quentin
24%
3 "Nous sommes mariés" Didier
23%
3 "J'ai été traquée par Interpol pendant 2 ans" Elisabeth
23%
5 "Je suis surdouée" Elisabeth
23%
1 "Je suis en contact avec les extraterrestres" Frédéric
23%
3 "J'ai survécu au tsunami de 2004" Maija
23%
11 "Ma vie a failli basculer pendant une fête foraine" Shirley
23%
2 "Je vis avec une balle dans la tête" Hayder
22%
6 "Je suis descendante de samouraï" Isabella
22%
11 "J'ai échappé à une catastrophe naturelle" Cassandre
21%
2 "Je suis prêtre anglican" Laurent
21%
6 "J'ai survécu à un crash aérien" Mathieu
21%
6 "J'ai été échangé à la naissance" Sergueï
21%
11 "Je suis l'espionne des internautes" Lydia
19%
5 "J'ai été bonne soeur" Marie-Josée
19%
2 "Je suis médium" Marilyn
19%
Martin
18%
8 "L'histoire de ma vie a fait près de 20 millions d'entrées au box-office" Abdel
17%
8 "Je suis ailurophobe" Iliesse
13%
11 "J'ai été numéro 1 du Top 50 pendant plusieurs semaines" Nony
12%
11 "Je suis champion(ne) d'Europe d'arts martiaux" Ylies
11%
4 "Je suis Robin" Le Robot
6%
Aucun quiz correspondant
Distribution des résultats
% des personnes avec chaque résultat
Percentile par nombre de réponses
Votre historique - résultats
Vous n’avez pas pris ce quiz